Score 0/14 Timer 05:00
0 Plays Today
Years & Ep. Show % Correct
1985-1992 - 177The Golden Girls
98.6%
1973-1977 - 45The Mary Tyler Moore Show
78.8%
2010-2015 - 124Hot in Cleveland
70.6%
1993-1993 - 6Bob
45.9%
2005-2008 - 16Boston Legal
44.5%
1983-1986 - 15Mama's Family
37.2%
1992-1993 - 24The Golden Palace
35.8%
Years & Ep. Show % Correct
1977-1978 - 14The Betty White Show
20.7%
1953-1955 - 38Life with Elizabeth
16.2%
1999-2001 - 30Ladies Man
13.2%
2006-2009 - 23The Bold and the Beautiful
12.5%
1957-1958 - 33Date with the Angels
12.2%
1995-1996 - 18Maybe This Time
11.8%
2010-2013 - 13Pound Puppies
11.3%
Remove Ads.
Support Sporcle.
Get the best of Sporcle when you Go Orange. This ad-free experience offers more features, more stats, and more fun while also helping to support Sporcle. Thank you for becoming a member.

You're not logged in!

Compare scores with friends on all Sporcle quizzes.
OR
Log In

Show Comments

Extras

Top Quizzes Today


Score Distribution

Your Account Isn't Verified!

In order to create a playlist on Sporcle, you need to verify the email address you used during registration. Go to your Sporcle Settings to finish the process.

Report this User

Report this user for behavior that violates our Community Guidelines.

Details: